BIBLIOTHÈQUE DE LA MAISON DU MEXIQUE

Logo 1 Logo 2

Balún-Canán (notice nᵒ 5083)

détails MARC
000 -Sello discográfico
campo de control de longitud fija 00755nam0a2200265 4500
005 - Identificación de versión
campo de control 20251017062742.0
035 ## - Otros números de control del sistema
Número de control del sistema 9247
099 ## - fechas locales
Tipo de ítem Koha LIBRO
100 ## - Datos de procesamiento general
Datos de procesamiento general 20110923d19701957m y0spay5003 ba
105 ## - Campo de datos codificados: Material textual, monográfico
Datos codificados de monografía y 001ay
200 1# - Título y mención de responsabilidad
Título propio Balún-Canán
Designación general del material texto impreso
Primer mención de responsabilidad Rosario Castellanos
205 ## - Declaración de edición
Declaración de edición 2a reimpr de la 2a ed
210 ## - Publicación, distribución, etc.
Lugar de publicación, distribución, etc. México
Nombre del editor, distribuidor, etc. Fondo de Cultura Económica
Fecha de publicación, distribución, etc. 1970
215 ## - Descripción física
Designación de material específico y extensión del ítem 291 p
Dimensiones 17 cm
345 ## - Nota de información de adquisición
Fuente de adquisición/dirección de la suscripción [OBSOLETO] Donación
410 #1 - Series
Título Colección Popular
Número de volumen 92
606 ## - Término temático usado como materia
Elemento de entrada Novela mexicana
Subdivisión cronológica Siglo XX
Número Koha 64
700 ## - Nombre personal - Responsabilidad primaria
Elemento de entrada Castellanos
Parte del nombre distinta del elemento de entrada Rosario
Fechas 1925-1974
Número Koha 2630
801 #0 - Fuente de origen
País FR
Agencia cm
Reglas de catalogación (convenciones descriptivas) AFNOR
900 ## -
-- 1/20542
942 ## - ELEMENTOS DE ENTRADA SECUNDARIOS (KOHA)
Tipo de ítem Koha Livre
996 ## -
-- MEX
-- 751145101
-- MMAG
-- 008894
-- 863.4 C348B
-- 20231030LIV
Exemplaires
Estatus retirado Estado de daño Estado de pérdida Fecha de adquisición Biblioteca de origen Biblioteca actual Ubicación en estantería Código de barras Precio de reemplazo Signatura topográfica completa No para préstamo Tipo de ítem Koha Nota pública Nota no pública
      05/08/2025 Casa México Paris Casa México Paris   008894 05/08/2025 863.4 C348B   Livre 20231030LIV 751145101